000 00398nam a22001217a 4500
999 _c3385
_d3385
005 20201130144524.0
008 201130b ||||| |||| 00| 0 eng d
020 _a0435808516
040 _cCML
245 _aAn Introduction to Curriculum Research and Development.
_cStenhouse L.
260 _aLondon
_bHeinemann Educational Books Ltd
_c1975
942 _2ddc
_cBK
_e1st Edition
_h375
_mSTE